Top 10 Złotej Piłki France Football w 1999 roku - Statystyki

Ogólne statystyki
  • Ten quiz został rozwiązany 39 razy
  • Średni wynik to 4 z 10
Statystyki odpowiedzi
miejsce piłkarz % Poprawnych
1 Rivaldo
78%
2 David Beckham
66%
5 Luis Figo
63%
9 Raul
53%
7 Christian Vieri
34%
3 Andriy Shevchenko
28%
4 Gabriel Batistuta
22%
10 Lothar Matthaus
13%
6 Roy Keane
13%
8 Juan Sebastian Veron
9%
Nie znaleziono quizów pasujących do podanych kryteriów
Rozkład punktacji
Procent ludzi z każdym wynikiem
Percentyl według liczby udzielonych odpowiedzi
Twoja historia wyników
Nie rozwiązałeś tego quizu